Regional Economic Development and Political Attitudes of the Population of Russia Results for the December 1993 Federal Elections
Salvato in:
| Autore principale: | |
|---|---|
| Altri autori: | , |
| Natura: | Libro |
| Lingua: | inglese |
| Pubblicazione: |
Wien
Institut für Höhere Studien
1994
|
| Edizione: | 1. ed. |
| Soggetti: | |
| Tags: |
Nessun Tag, puoi essere il primo ad aggiungerne!!
|
MARC
| LEADER | 00000nam a2200000 4500 | ||
|---|---|---|---|
| 001 | c012521 | ||
| 005 | 20221205141013.2 | ||
| 041 | 0 | |a eng | |
| 044 | |a AT | ||
| 245 | 1 | 0 | |a Regional Economic Development and Political Attitudes of the Population of Russia |b Results for the December 1993 Federal Elections |c Serguei E. Grigoriev, Serguei A. Nagaev, Andreas Wörgötter |
| 250 | |a 1. ed. | ||
| 264 | 1 | |a Wien |b Institut für Höhere Studien |c 1994 | |
| 300 | |a 56 s. | ||
| 610 | 2 | 0 | |a rozvoj regionálny |
| 610 | 2 | 0 | |a rozvoj hospodársky |
| 610 | 2 | 0 | |a rast hospodársky |
| 610 | 2 | 0 | |a regióny administratívne |
| 610 | 2 | 0 | |a populácia |
| 610 | 2 | 0 | |a postoje |
| 610 | 2 | 0 | |a politika vnútorná |
| 610 | 2 | 0 | |a voľby |
| 610 | 2 | 0 | |a strany politické |
| 610 | 2 | 0 | |a Rusko |
| 100 | 1 | |a Grigoriev, Serguei E. | |
| 700 | 1 | |a Nagaev, Serguei A. | |
| 700 | 1 | |a Wörgötter, Andreas | |